MARC

LEADER 00000nas a2200000 a 4500
001 ssj0000388557
003 WaSeSS
005 20200512172242.0
006 m d
007 cr n
008 090714c20059999sp ar p s 0 0spa
010 |a  2009238600 
016 7 |a 983901279  |2 DE-101 
016 7 |a 2279554-6  |2 DE-600 
022 |l 1885-5687  |y 1885-5687 
035 |a (WaSeSS)ssj0000388557 
040 |a IUL  |b eng  |c IUL  |d IUL  |d OCLCQ  |d DEBBG  |d GBVCP  |d DLC  |d GWDNB  |d OCLCA  |d OCLCF  |d OCLCQ  |d OCLCO  |d OCLCA  |d CUS  |d OCLCA  |d WaSeSS 
042 |a pcc 
050 0 0 |a PN53  |b .E85 
210 0 |a Escr. imagen 
222 0 |a Escritura e imagen 
245 0 0 |a Escrítura e ímagen  |h [electronic resource]. 
260 |a Madrid :  |b Servicio de Publicaciones de la Universidad Complutense de Madrid 
310 |a Annual 
362 1 |a Began with vol. 1 (2005). 
506 |a License restrictions may limit access. 
588 |a Description based on: Vol. 4 (2008); title from cover. 
588 |a Latest issue consulted: Vol. 6 (2010). 
650 0 |a Art and literature  |v Periodicals. 
650 7 |a Art and literature.  |2 fast  |0 (OCoLC)fst00815400 
650 7 |a Bild  |2 gnd 
650 7 |a Literatur  |2 gnd 
655 0 |a Electronic journals. 
710 2 |a Universidad Complutense de Madrid. 
850 |a DLC 
853 2 0 |8 1  |a v.  |i (year)  |w a 
856 4 0 |z Full text available from PRISMA Database with HAPI Index: 01/01/2005 to 01/31/2016  |u https://search.proquest.com/publication/85363 
863 4 1 |8 1.1  |a <4>  |i <2008>